L'Inici del demà : Mancomunitat de Catalunya : 100 anys : còmic Mancomunitat de Catalunya :
Descripción Física:
[16] p. : il. col. ; 30 cm
Otros Autores:
Ferreiro, Àlex
MARC
| LEADER | 00000nam a2200000Ia 4500 | ||
|---|---|---|---|
| 001 | 23890 | ||
| 008 | 160829s2014 xx 000 0 cat d | ||
| 080 | |a FU-63-6 | ||
| 100 | |a Portell, Raimon |9 50092 | ||
| 245 | |a L'Inici del demà : |b Mancomunitat de Catalunya : |b 100 anys : |b còmic | ||
| 260 | |a Barcelona : |b Diputació de Barcelona, |c 2014 | ||
| 300 | |a [16] p. : |b il. col. ; |c 30 cm | ||
| 650 | |a Catalunya. Mancomunitat |x Història |x Còmics |9 50093 | ||
| 700 | |a Ferreiro, Àlex |9 50094 | ||
| 710 | 1 | |a Barcelona (Catalunya : Província). |b Diputació |9 52408 | |
| 901 | |a Arxiu | ||
| 942 | |n 1 | ||
| 952 | |0 0 |1 0 |4 0 |6 FU636 |7 1 |9 55782 |a Arxiu |b Arxiu |d 2016-12-01 |l 0 |o FU-63-6 |p 23890 |r 2016-12-01 00:00:00 |w 2016-12-01 |y ARXIU | ||
| 999 | |c 59655 |d 59655 | ||